000 00368nam a2200157Ia 4500
008 221030s9999 xx 000 0 und d
020 _a8131709412
041 _aEnglish
082 _a105.23
100 _aD. Galles
245 0 _aModern Compiler Design
_cby D. Galles
260 _bPearson Edcuation
_aNew Delhi
_c2009
300 _a373
650 _aIT
942 _cBK
999 _c9155
_d9155